Język angielski - czasowniki nieregularne 2 - Statystyki

Ogólne statystyki
  • Ten quiz został rozwiązany 957 razy
  • Średni wynik to 74 z 141
Statystyki odpowiedzi
Infinitive Odpowiedz Past Simple Past Participle Tłumaczenie % Poprawnych
leave left - - -
89%
- left - - -
87%
let let - - -
84%
- let - - -
83%
lend lent - - -
81%
- lent - - -
79%
make made - - -
78%
put put - - -
78%
- made - - -
77%
meet met - - -
77%
- put - - -
77%
read read - - -
77%
- met - - -
76%
- read - - -
76%
run ran - - -
75%
- run - - -
74%
see saw - - -
74%
ride rode - - -
73%
lose lost - - -
72%
- lost - - -
71%
- ridden - - -
71%
set set - - -
71%
ring rang - - -
70%
- set - - -
70%
swim swam - - -
70%
sing sang - - -
69%
- seen - - -
68%
send sent - - -
68%
pay paid - - -
67%
- paid - - -
67%
- sent - - -
67%
sleep slept - - -
67%
- slept - - -
67%
speak spoke - - -
67%
say said - - -
66%
win won - - -
66%
mean meant - - -
65%
- said - - -
65%
spend spent - - -
65%
- spoken - - -
65%
- won - - -
65%
- meant - - -
64%
- rung - - -
64%
sit sat - - -
64%
- spent - - -
64%
write wrote - - -
64%
- sat - - -
63%
sell sold - - -
62%
- czytać - - -
61%
shut shut - - -
61%
- shut - - -
61%
- sung - - -
61%
take took - - -
61%
- written - - -
61%
rise rose - - -
60%
shoot shot - - -
60%
- sold - - -
60%
- swum - - -
60%
- taken - - -
60%
wake woke - - -
60%
- shot - - -
59%
- płacić - - -
57%
- risen - - -
57%
understand understood - - -
57%
- biegać - - -
56%
smell smelled/smelt - - -
56%
- understood - - -
56%
- smelled/smelt - - -
55%
- opuścic - - -
54%
tell told - - -
54%
- told - - -
54%
- woken - - -
54%
- spać - - -
53%
- śpiewać - - -
52%
- mówić - - -
51%
- spotkać - - -
51%
- zrobić - - -
51%
think thought - - -
50%
- thought - - -
50%
throw threw - - -
50%
- shown - - -
49%
steal stole - - -
49%
- położyć - - -
48%
- powiedzieć - - -
48%
- stolen - - -
48%
- wysłać - - -
48%
- siedzieć - - -
47%
- sprzedać - - -
47%
wear wore - - -
47%
- thrown - -- -
46%
- dzwonić - - -
45%
- pisać - - -
45%
show showed - - -
45%
- wygrać - - -
45%
shine shone - - -
44%
- rozumieć - - -
43%
shrink shrank - - -
43%
- myśleć - - -
42%
- shone - - -
42%
spill spilled/spilt - - -
42%
- spilled/spilt - - -
42%
- pozwolić - - -
41%
- pożyczyć - - -
41%
stand stood - - -
41%
- stood - - -
41%
lie lay - - -
39%
- pokazać - - -
39%
teach taught - - -
39%
- uczyć - - -
39%
- zobaczyć - - -
39%
- pachnieć/wąchać - - -
38%
- powiedzieć - - -
38%
- shrunk - - -
38%
- taught - - -
38%
- stać - - -
36%
- strzelać - - -
36%
- płynąć - - -
35%
- zgubić - - -
35%
- znaczyć - - -
34%
- spędzać - - -
33%
- wziąć - - -
32%
- worn - - -
31%
- zamknąć - - -
31%
- nosić - - -
30%
- ukraść - - -
30%
- świecić - - -
29%
- ustawić - - -
29%
light lit - - -
28%
- lit - - -
28%
- leżeć - - -
26%
- rzucać - - -
26%
tear tore - - -
25%
- lain - - -
22%
- obudzić się - - -
20%
- torn - - -
19%
- jeździć na - - -
16%
- zapalać - - -
16%
- rosnąć/wzrastać - - -
15%
- rozlać - - -
12%
- skurczyć się/kurczyć się - - -
8%
- podrzeć - - -
7%
Nie znaleziono quizów pasujących do podanych kryteriów
Rozkład punktacji
Procent ludzi z każdym wynikiem
Percentyl według liczby udzielonych odpowiedzi
Twoja historia wyników
Nie rozwiązałeś tego quizu